000 00286nam a22001217a 4500
008 250307b |||||||| |||| 00| 0 eng d
020 _a978-93-80231-31-0
100 _aR Singh
245 _aSocial Economic Offences
260 _aHaryana
_bALA
_c2022
300 _a464
942 _2ddc
_cBK
999 _c21284
_d21284